[Event "Dvorkovich Memorial Rapid 2018"]
[Site "Taganrog"]
[Date "2018.01.14"]
[Round "11"]
[White "Lugovskoy, Maxim"]
[Black "Belyakov, Bogdan"]
[Result "1-0"]
[WhiteElo "2459"]
[BlackElo "2486"]
[Annotator "TA"]
[PlyCount "95"]
[EventDate "2018.??.??"]
[EventType "swiss"]
[EventCountry "RUS"]
[SourceTitle "playchess.com"]
[Source "ChessBase"]
[SourceQuality "1"]

{[%evp 15,95,42,72,64,92,90,90,79,77,25,12,27,64,17,19,37,31,20,25,29,47,23,15,0,58,50,181,170,171,149,160,106,135,113,201,153,209,187,578,599,822,411,2118,2110,1530,497,362,503,578,578,521,523,525,459,1158,814,1620,1685,12834,12835,12836,12835,12835,12835,12840,12839,12839,12839,12840,12840,12840,12840,12842,12843,12843,12842,12844,12845,12845,12845,12845,12845]} 1. d4 Nf6 2. Nc3 c5 3. d5 a6 4. a4 d6 5. e4 g6 6. Nf3 Bg7 7. Be2 O-O 8. O-O Bg4 9. Bg5 {A43: Schmid Benoni} Bxf3 10. Bxf3 ({Don't play} 10. gxf3 Nh5 $11) 10... Nbd7 11. Be2 $146 {White is better.} ({Predecessor:} 11. Qd2 b6 12. Be2 {½-½ (24) Ivanisevic,I (2460)-Ristic,N (2420) Vrnjacka Banja 1998}) 11... Qc7 12. f4 (12. Bf4 $16) 12... c4 $11 13. Kh1 Rab8 14. Bf3 (14. e5 $5) 14... b5 15. axb5 axb5 16. Qe2 b4 17. Nd1 Rfc8 18. Ne3 Nc5 19. Nd1 Ncd7 20. Bh4 Ra8 (20... h5 $14) 21. Rxa8 $1 $18 Rxa8 {[#]} 22. e5 $1 {[%mdl 512]} Ne8 (22... dxe5 23. d6) 23. Ne3 ({Resist} 23. Bxe7 $6 Nxe5 24. fxe5 Qxe7 $14) ({White should play} 23. e6 {And now exf7+ would win.} Nf8 24. exf7+ Kxf7 25. g4) 23... Nb6 24. e6 f5 {[#]} (24... Bxb2 $16 25. exf7+ Kxf7) 25. g4 $1 {[%cal Rg4f5]} fxg4 26. Nxg4 Bxb2 $2 {[#]} (26... Ra5) 27. f5 $1 {[%mdl 512]} Nf6 (27... gxf5 28. Nh6+) 28. fxg6 hxg6 (28... Nxg4 $142 29. Bxg4 Bg7 30. gxh7+ Kh8) 29. Qg2 Ra1 30. Nxf6+ (30. Rxa1 $142 {Nh6+ would kill now.} Bxa1 31. Nh6+ Kh7 32. Bxf6 exf6 33. Qh3) 30... exf6 31. Rxa1 ({Weaker is} 31. Qxg6+ Qg7 $14) 31... Bxa1 {White is clearly winning.} 32. Qxg6+ Qg7 33. Qe8+ Qf8 34. Qh5 Qe7 (34... Qg7 $142 35. Bf2 Nc8) 35. Be4 b3 36. cxb3 cxb3 37. Qg6+ Kf8 38. Qh6+ Kg8 39. Bg6 Qg7 40. Bf7+ Kf8 {[#]} 41. e7+ $1 {[%mdl 512]} Kxf7 (41... Kxe7 42. Qxg7) 42. Qxg7+ Kxg7 43. e8=Q Be5 44. Qb5 Nc8 45. Qd7+ Kg6 46. Qxc8 b2 47. Qc2+ f5 48. Bg3 {Precision: White = 73%, Black = 35%.} 1-0

[Event "Dvorkovich Memorial Rapid 2018"]
[Site "Taganrog"]
[Date "2018.01.14"]
[Round "11"]
[White "Khanin, Semen"]
[Black "Nazaretyan, Tigran"]
[Result "1-0"]
[WhiteElo "2458"]
[BlackElo "2285"]
[Annotator "TA"]
[PlyCount "85"]
[EventDate "2018.??.??"]
[EventType "swiss"]
[EventCountry "RUS"]
[SourceTitle "playchess.com"]
[Source "ChessBase"]
[SourceQuality "1"]

{[%evp 17,84,24,32,22,22,20,28,23,31,25,117,116,118,108,119,89,102,99,104,79,93,101,102,88,87,84,166,148,174,172,177,164,171,167,151,117,147,151,140,81,139,129,133,144,134,151,158,158,168,151,157,156,248,235,640,639,922,856,747,635,573,559,565,565,565,565,5587,5518,29999]} 1. e4 c5 2. Nf3 d6 3. d4 cxd4 4. Nxd4 Nf6 5. Nc3 Nc6 6. Bg5 e6 7. Qd2 a6 8. f3 Bd7 9. O-O-O Be7 10. Be3 {B67: Sicilian: Richter-Rauzer: 7...a6 8 0-0-0 Bd7, lines without 9 f4 Be7} h5 11. h3 {[%cal Bh2h3,Bh3g4,Bg4g5][%mdl 32]} Qc7 12. Bd3 $146 {White has an edge.} ({Find the theoretical novelty and annotate with similar games:} 12. Qf2 b5 13. Nxc6 Bxc6 14. Ne2 g6 15. h4 Rc8 16. Nd4 Bb7 17. Bd3 e5 18. Nb3 d5 19. Bb6 Qb8 20. Ba7 Qc7 21. Bb6 Qb8 22. Ba7 Qc7 23. Bb6 {½-½ (23) Balogh,C (2619)-Baklan,V (2644) Austria 2010}) 12... Ne5 13. g4 hxg4 (13... b5 $11) 14. hxg4 $16 O-O-O 15. Kb1 Kb8 16. Qf2 Bc6 17. g5 Nfd7 18. Be2 {[%cal Bd3e2,Be2f3,Bf3g4][%mdl 32]} Nc5 19. Rxh8 Rxh8 20. f4 Ned7 21. Bf3 Nb6 (21... e5 $16) 22. g6 $18 fxg6 {[#]} 23. Nxe6 $1 {[%mdl 512]} Nxe6 24. Bxb6 Qc8 25. Bg4 {Threatens to win with Nd5.} Qg8 26. Nd5 Bxd5 27. exd5 Nc7 28. c4 (28. Qf3 $142) 28... Qf7 (28... g5 $142) 29. Be3 g5 30. fxg5 Qxf2 31. Bxf2 Bxg5 32. Bg3 Rd8 33. c5 Be7 34. b4 {[%cal Bb2b4,Bb4a5][%mdl 32]} a5 (34... Ka8 $16) 35. bxa5 Na6 $2 (35... Ka7 36. a4 g5) 36. Re1 Bf8 37. Bh4 Kc7 38. Bxd8+ Kxd8 39. Rf1 Be7 40. cxd6 Bxd6 41. Rf7 {[#] Rd7+ is the strong threat.} Be7 42. d6 Bf6 43. Rf8# {Precision: White = 82%, Black = 37%.} 1-0

[Event "Dvorkovich Memorial Rapid 2018"]
[Site "Taganrog"]
[Date "2018.01.14"]
[Round "11"]
[White "Kovalchuk, Alexey"]
[Black "Kotenko, Pavel"]
[Result "1-0"]
[WhiteElo "2444"]
[BlackElo "2403"]
[Annotator "TA"]
[PlyCount "56"]
[EventDate "2018.??.??"]
[EventType "swiss"]
[EventCountry "RUS"]
[SourceTitle "playchess.com"]
[Source "ChessBase"]
[SourceQuality "1"]

{[%evp 13,56,32,41,28,24,37,41,37,40,24,43,43,53,46,64,62,62,62,62,62,65,58,60,57,64,63,64,58,58,56,60,33,40,17,27,18,76,77,44,45,89,89,89,86,540]} 1. e4 e5 2. Nf3 Nc6 3. Bc4 Nf6 4. d3 Be7 5. O-O O-O 6. Re1 d6 7. a4 h6 8. a5 {C55: Two Knights: 4 d3, 4 d4 exd4 5 e5 and Max Lange Attack} (8. c3 a6 9. Nbd2 Be6 10. Qc2 Qd7 11. b4 Nh7 12. Bxe6 fxe6 13. Bb2 b6 14. b5 axb5 15. axb5 Na5 16. c4 {½-½ (54) So,W (2812)-Ivanchuk,V (2738) Leuven 2017}) 8... a6 9. c3 Nh7 10. h3 {White is slightly better.} Ng5 11. Nbd2 {[%cal Bb1d2,Bd2c4,Bc4e3,Be3d5][%mdl 32]} Kh8 12. d4 Bf6 {[%cal Re5d4]} 13. dxe5 dxe5 14. b4 $146 ({Predecessor:} 14. Qe2) 14... Be6 15. Nxg5 Bxc4 16. Nxc4 {[#] And now Nf3 would win.} Bxg5 17. Qe2 Bxc1 18. Raxc1 Qe7 19. Rcd1 Rad8 20. Rd5 f6 21. Ne3 Rxd5 22. Nxd5 Qf7 23. Qc4 Rc8 24. Rd1 Ne7 (24... Rd8 $11 {keeps the balance.}) 25. Qc5 $16 Nxd5 26. exd5 Rd8 27. c4 c6 28. Kh2 Kg8 $2 {[%mdl 8192] Precision: White = 73%, Black = 67%.} (28... Qd7 $16) 1-0

[Event "Dvorkovich Memorial Rapid 2018"]
[Site "Taganrog"]
[Date "2018.01.14"]
[Round "11"]
[White "Zakharov, Alexander S"]
[Black "Triapishko, Alexandr"]
[Result "0-1"]
[WhiteElo "2437"]
[BlackElo "2531"]
[Annotator "TA"]
[PlyCount "76"]
[EventDate "2018.??.??"]
[EventType "swiss"]
[EventCountry "RUS"]
[SourceTitle "playchess.com"]
[Source "ChessBase"]
[SourceQuality "1"]

{[%evp 20,76,11,0,0,0,11,0,4,-21,-27,-40,0,0,0,0,0,0,0,0,10,0,0,-50,-57,-163,-179,-289,-290,-377,-371,-580,-495,-607,-585,-562,-481,-487,-479,-526,-519,-500,-498,-835,-638,-761,-531,-525,-436,-753,-755,-661,-560,-557,-558,-747,-731,-29986,-385]} 1. e4 e5 2. Nf3 Nc6 3. Bb5 a6 4. Ba4 d6 5. c4 Nf6 {[%cal Bg8f6,Bf6d7,Bd7c5,Bc5e6,Be6d4][%mdl 32]} 6. Nc3 Bg4 7. h3 Bxf3 8. Qxf3 Nd7 {C71: Ruy Lopez: Deferred Steinitz Variation, sidelines} 9. Bxc6 bxc6 10. d3 {[%cal Bd2d3,Bd3d4,Bd4d5][%mdl 32]} Nc5 11. O-O {LiveBook: 4 Games} g6 12. Qd1 (12. b4 Ne6 13. Be3 Bg7 14. a4 {0-1 (103) Ter Sahakyan,S (2605)-Sevian,S (2595) Martuni 2016}) 12... Bg7 13. f4 $146 ({Predecessor:} 13. Be3 Ne6 14. Ne2 O-O {0-1 (46) Hartoch,R-Lutikov,A Hamburg 1965}) 13... exf4 $1 14. d4 Ne6 15. d5 $1 {[%cal Rd5e6]} Nd4 16. Bxf4 O-O {[%cal Bh8f8,Bf8b8,Bb8b2,Bb2c2][%mdl 32]} 17. Qd2 c5 18. Rae1 Qe7 19. Nd1 Rfb8 20. b3 a5 {With the idea ...a4.} 21. Nf2 a4 22. bxa4 {[#]} ({White should try} 22. Ng4 $15) 22... Rb2 $1 $19 {[%cal Rb2d2][%mdl 512]} 23. Qd3 (23. Qxb2 $2 {is the wrong capture.} Nf3+ 24. gxf3 Bxb2 $19) (23. Qd1 $142) 23... Rxa4 24. Bc1 Rc2 25. e5 (25. a3 $142 Raxc4 26. Bd2) 25... dxe5 26. Ne4 Raxa2 {[%cal Ba4a2,Ba2b2,Bb2b8,Bb8a8][%mdl 32]} 27. Rf2 Rxf2 28. Nxf2 f5 29. Be3 e4 30. Qb1 {[#]} Rb2 $1 {[%mdl 512]} 31. Qd1 (31. Qxb2 $142 Nf3+ 32. gxf3 Bxb2 33. fxe4) 31... Be5 32. Qa4 Rb8 33. Qa7 Qf8 34. Qa6 (34. Bh6 $142 Qd8 35. Qxc5) 34... Ra8 35. Qb7 Qb8 36. Qxb8+ Rxb8 37. Kf1 Nc2 38. Ra1 Kf8 $2 {Precision: White = 32%, Black = 70%.} (38... Nxe3+ {mates} 39. Kg1 Bxa1 40. Nh1 Rb1+ 41. Kf2 Nxc4 42. Kg3 Be5+ 43. Kf2 Rb2+ 44. Kg1 Ne3 45. Nf2 Rb1+ 46. Nd1 Bg3 47. Kh1 Rxd1#) 0-1

[Event "Dvorkovich Memorial Rapid 2018"]
[Site "Taganrog"]
[Date "2018.01.14"]
[Round "11"]
[White "Balashov, Yuri S"]
[Black "Paravyan, David"]
[Result "0-1"]
[WhiteElo "2434"]
[BlackElo "2603"]
[Annotator "TA"]
[PlyCount "70"]
[EventDate "2018.??.??"]
[EventType "swiss"]
[EventCountry "RUS"]
[SourceTitle "playchess.com"]
[Source "ChessBase"]
[SourceQuality "1"]

{[%evp 31,70,-117,-118,-118,-74,-132,-133,-130,-137,-137,-133,-131,-137,-162,-162,-162,-162,-160,-130,-126,-130,-126,-126,-137,-133,-211,-203,-277,-270,-368,-347,-412,-427,-408,-431,-381,-381,-616,-619,-604,-594]} 1. d4 Nf6 2. Nf3 g6 3. c4 Bg7 4. Nc3 d5 5. cxd5 Nxd5 6. Bd2 O-O 7. e4 Nb6 8. Be3 Bg4 9. Be2 Nc6 10. d5 Bxf3 11. gxf3 Na5 12. Bd4 {D90: Grünfeld: 4 Nf3 Bg7 sidelines} Qd6 13. Nb5 (13. Bxg7 Kxg7 14. Qd2 Qf6 15. h4 Nac4 16. Qc1 e5 17. Nd1 Nd6 18. h5 g5 19. Ne3 Qe7 {0-1 (43) Nikolov,M (2550)-Navara,D (2708) Rijeka 2010}) 13... Qb4+ 14. Qd2 Qxd2+ 15. Kxd2 c6 16. Bxg7 Kxg7 {LiveBook: 3 Games} 17. dxc6 Rfd8+ ({Don't play} 17... bxc6 $6 18. Nc3 $15) 18. Kc2 ({Better is} 18. Ke3 Nbc4+ 19. Kf4 bxc6 20. Nc7) 18... Nxc6 $17 19. Rad1 a6 20. Nc3 $146 Nd4+ 21. Kb1 e5 22. Rd2 Nxe2 23. Rxe2 Rd3 24. Re3 Rxe3 25. fxe3 {[%mdl 4096] Endgame KRN-KRN} Nc4 26. Rd1 Nxe3 27. Rd7 Ng2 28. Rxb7 (28. Rd3 $17) 28... Ne1 $19 29. b4 Nxf3 30. a4 Nxh2 31. Nd5 Nf3 32. Kc2 h5 {[%cal Bh7h5,Bh5h4,Bh4h3][%mdl 32]} 33. Kd3 h4 34. Ke3 $2 (34. Rc7) 34... h3 {[#] And now ...h2 would win.} 35. Kxf3 {Hoping for Kg3.} Rh8 {Precision: White = 44%, Black = 93%.} 0-1

[Event "Dvorkovich Memorial Rapid 2018"]
[Site "Taganrog"]
[Date "2018.01.14"]
[Round "11"]
[White "Savitskiy, Sergey"]
[Black "Savchenko, Boris"]
[Result "0-1"]
[WhiteElo "2415"]
[BlackElo "2566"]
[Annotator "TA"]
[PlyCount "82"]
[EventDate "2018.??.??"]
[EventType "swiss"]
[EventCountry "RUS"]
[SourceTitle "playchess.com"]
[Source "ChessBase"]
[SourceQuality "1"]

{[%evp 16,82,9,0,0,0,19,-38,0,-24,0,-46,-43,-61,-54,-56,0,0,70,55,55,63,69,39,54,-35,-23,-7,0,0,0,-10,-1,-34,-31,-137,-24,-105,-81,-177,-173,-371,-254,-208,-202,-170,-186,-181,-177,-189,-175,-215,-70,-63,0,-66,-60,-61,-56,-60,-51,-205,-204,-214,-214,-213,-232,-344,-342]} 1. e4 e6 2. d4 d5 3. Nc3 Bb4 4. a3 Bxc3+ 5. bxc3 dxe4 6. Qg4 Nf6 7. Qxg7 Rg8 8. Qh6 c5 9. Ne2 Bd7 {C15: French: 3 Nc3 Bb4: Unusual White 4th moves} 10. a4 Rg6 $146 ({Predecessor:} 10... Bc6 11. h3 Nbd7 12. Bd2 Qb6 13. Qf4 Qb2 14. Rc1 Bxa4 15. dxc5 Rc8 16. Ng3 Bxc2 17. Be2 {1-0 (33) Popov,I (2648)-Savchenko,B (2556) St Petersburg 2015}) 11. Qh4 (11. Qd2 $1 $11) 11... cxd4 {Black is slightly better.} 12. cxd4 Qc7 13. c3 (13. Bd2 $5 {[%cal Re2f4]} Nc6 14. c3 $11 (14. Nf4 Nxd4 15. Nxg6 Nxc2+ 16. Kd1 Nxa1 $11)) 13... Nc6 $1 14. Bd2 e5 15. Rc1 Ne7 (15... Qd6 $15) 16. Ng3 $11 O-O-O (16... Qb6 $11) 17. Be2 $14 Rdg8 18. O-O Bc6 19. Be3 Ned5 20. Bh5 (20. Bd1 $14) 20... Nxh5 $15 21. Qxh5 exd4 22. cxd4 Kb8 23. Rc5 Qd7 24. a5 f5 $1 {[%cal Bf7f5,Bf5f4][%mdl 32]} 25. a6 (25. Rfc1 $15) 25... bxa6 (25... b6 $17 26. Rb1 Ka8 27. Rxc6 Rxc6 28. Nxf5 Nf6) 26. Qh4 (26. Rfc1 $11 {keeps the balance.}) 26... Ka8 27. Rfc1 (27. Kh1 $17) 27... Bb7 $1 $19 28. Kh1 $2 (28. Qh5) 28... f4 29. Rxd5 Qxd5 30. Qxf4 a5 31. Rc5 Qb3 {( -> ...Qd1+)} 32. h3 a4 {And now ...a3 would win.} 33. d5 {[%cal Bd4d5,Bd5d6][%mdl 32] [#]} a3 ({Weaker is} 33... Bxd5 34. Ra5 $15) (33... Qd3 $1 $19 34. Qf7 {[#]} h5 $1 {[%mdl 512]}) 34. Ra5 $15 {[%csl Ge3][%cal Ra5a7]} Ra6 (34... a6 $15 35. Qxe4 Qc3) 35. Rxa6 (35. Qf7 $11 Bxd5 36. Rxd5) 35... Bxa6 36. Qf7 {[%csl Ge3][%cal Rf7a7]} Qb8 {aiming for ...a2.} 37. d6 $1 Rd8 $1 {[%cal Rd8d6]} 38. Nf5 $2 (38. Qd5+ $15 Bb7 39. Qa5 Rxd6 40. Qxa3) 38... Bc8 $19 39. Qd5+ Qb7 40. Qa5 {[#]} a2 $1 {White must now prevent ...Qb1+.} 41. Kh2 {[#]} (41. Bd4 {was forced.} Rf8 42. Ne7) (41. Qxa2 Bxf5) 41... a1=Q $1 {Precision: White = 37%, Black = 52%.} 0-1

[Event "Dvorkovich Memorial Rapid 2018"]
[Site "Taganrog"]
[Date "2018.01.14"]
[Round "11"]
[White "Anikonov, Dmitry"]
[Black "Kim, Yana"]
[Result "1-0"]
[WhiteElo "2407"]
[BlackElo "2092"]
[Annotator "ChessBase"]
[PlyCount "103"]
[EventDate "2018.??.??"]
[EventType "swiss"]
[EventCountry "RUS"]
[SourceTitle "playchess.com"]
[Source "ChessBase"]
[SourceQuality "1"]
[TimeControl "900+10"]

1. d4 {[%emt 0:00:00]} Nf6 {[%emt 0:00:00]} 2. c4 {[%emt 0:00:00]} g6 {[%emt 0:00:00]} 3. Nc3 {[%emt 0:00:00]} Bg7 {[%emt 0:00:00]} 4. e4 {[%emt 0:00:00]} d6 {[%emt 0:00:00]} 5. Nf3 {[%emt 0:00:00]} O-O {[%emt 0:00:06]} 6. h3 {[%emt 0:00:00]} c5 {[%emt 0:00:13]} 7. d5 {[%emt 0:00:00]} e6 {[%emt 0:00:02]} 8. Bd3 {[%emt 0:00:00]} exd5 {[%emt 0:00:05]} 9. exd5 {[%emt 0:00:02]} Re8+ {[%emt 0:00:39]} 10. Be3 {[%emt 0:00:01]} Nbd7 {[%emt 0:01:31]} 11. O-O {[%emt 0:00:06]} Ne5 {[%emt 0:01:50]} 12. Nxe5 {[%emt 0:00:02]} Rxe5 {[%emt 0:00:04]} 13. Bf4 {[%emt 0:00:00]} Re8 {[%emt 0:00:10]} 14. Re1 {[%emt 0:00:47]} Bf8 {[%emt 0:01:31]} 15. Qf3 {[%emt 0:00:47]} Nh5 {[%emt 0:01:06]} 16. Rxe8 {[%emt 0:00:57]} Qxe8 {[%emt 0:00:02]} 17. Bd2 {[%emt 0:01:12]} f5 {[%emt 0:00:22]} 18. g4 {[%emt 0:00:29]} Ng7 {[%emt 0:01:01]} 19. Qg3 {[%emt 0:00:36]} Bd7 {[%emt 0:02:39]} 20. Re1 {[%emt 0:00:38]} Qf7 {[%emt 0:00:04]} 21. Bf4 {[%emt 0:00:11]} Re8 {[%emt 0:01:13]} 22. Rxe8 {[%emt 0:00:46]} Nxe8 {[%emt 0:00:30]} 23. f3 {[%emt 0:00:23]} Bg7 {[%emt 0:01:46]} 24. Kg2 {[%emt 0:00:36]} Qf6 {[%emt 0:01:02]} 25. Be3 {[%emt 0:00:00]} Qe7 {[%emt 0:00:32]} 26. Qf2 {[%emt 0:00:22]} Qe5 {[%emt 0:00:47]} 27. Qd2 {[%emt 0:00:02]} fxg4 {[%emt 0:00:38]} 28. hxg4 {[%emt 0:00:09]} Nf6 {[%emt 0:00:31]} 29. Bf4 {[%emt 0:00:18]} Qe7 {[%emt 0:00:01]} 30. Bc2 {[%emt 0:00:25]} Kf7 {[%emt 0:00:04]} 31. Bg3 {[%emt 0:00:17]} Ne8 {[%emt 0:00:27]} 32. Ne4 {[%emt 0:00:00]} Be5 {[%emt 0:00:13]} 33. Qh6 {[%emt 0:00:41]} Kg8 {[%emt 0:00:01]} 34. Bh4 {[%emt 0:01:29]} Qf8 {[%emt 0:00:54]} 35. Qg5 {[%emt 0:00:32]} Qf4 {[%emt 0:00:33]} 36. Qxf4 {[%emt 0:00:37]} Bxf4 {[%emt 0:00:01]} 37. Be1 {[%emt 0:00:10]} Be5 {[%emt 0:00:19]} 38. b4 {[%emt 0:00:00]} b6 {[%emt 0:00:00]} 39. Bd2 {[%emt 0:00:34]} Nf6 {[%emt 0:00:15]} 40. Nf2 {[%emt 0:00:07]} Kf7 {[%emt 0:00:15]} 41. b5 {[%emt 0:00:43]} Bd4 {[%emt 0:00:12]} 42. Nd3 {[%emt 0:00:24]} h5 {[%emt 0:00:13]} 43. g5 {[%emt 0:00:03]} Ng8 {[%emt 0:00:00]} 44. Bf4 {[%emt 0:00:26]} Ke7 {[%emt 0:00:13]} 45. Nc1 {[%emt 0:00:29]} Bf5 {[%emt 0:00:04]} 46. Bxf5 {[%emt 0:00:13]} gxf5 {[%emt 0:00:02]} 47. Ne2 {[%emt 0:00:00]} Bg7 {[%emt 0:00:06]} 48. Ng3 {[%emt 0:00:00]} Bf8 {[%emt 0:00:16]} 49. Nxf5+ {[%emt 0:00:09]} Kd7 {[%emt 0:00:00]} 50. Kh3 {[%emt 0:00:04]} Ne7 {[%emt 0:00:10]} 51. Nxe7 {[%emt 0:00:01]} Kxe7 {[%emt 0:00:00]} 52. Kh4 {[%emt 0:00:01]} 1-0

[Event "Dvorkovich Memorial Rapid 2018"]
[Site "Taganrog"]
[Date "2018.01.14"]
[Round "11"]
[White "Demkovich, Anatoliy"]
[Black "Hasangatin, Ramil"]
[Result "1-0"]
[WhiteElo "2407"]
[BlackElo "2502"]
[Annotator "TA"]
[PlyCount "183"]
[EventDate "2018.??.??"]
[EventType "swiss"]
[EventCountry "RUS"]
[SourceTitle "playchess.com"]
[Source "ChessBase"]
[SourceQuality "1"]

{[%evp 11,183,28,30,16,28,36,59,35,38,6,4,-6,0,-14,-9,-17,4,0,0,0,0,0,0,0,0,0,0,0,0,-8,-13,-4,-6,-22,-25,-27,-16,-14,-17,-24,-6,-18,0,0,0,0,0,0,0,-22,-5,-19,-5,-21,-5,-18,-22,-22,-13,-14,-5,-14,-14,-14,-5,-14,0,0,0,-14,-12,-14,-12,-14,-12,-14,-12,-14,0,-14,0,-14,0,-14,-6,-14,-14,-13,-13,-19,-18,-18,-18,-16,-16,-14,-13,-10,-14,-10,-13,-39,-4,-43,-52,-50,-34,-118,-17,-18,-8,-16,0,-16,0,-31,18,33,29,0,111,111,118,118,119,152,159,142,1350,1235,1129,836,1437,2922,2912,3474,2748,2302,2806,1852,2934,2743,1675,588,2370,1799,2235,1835,29937,6621,29962,6613,29968,29969,29970,29971,29971,29974,29974,29975,29974,29975,29975,29976,29976,29977,29977,29978,29978,29982,29979,29977,29987,29988]} 1. e4 d5 2. Nc3 dxe4 3. Nxe4 Bf5 4. Qf3 Bxe4 (4... Qc8 5. Ne2 e6 6. N2g3 Bg6 7. h4 h6 8. h5 Bh7 9. d4 Nd7 10. c3 Ngf6 11. Bd3 Nxe4 12. Nxe4 {½-½ (62) Roganovic,M (2524)-Milanovic,D (2555) Belgrade 2014}) 5. Qxe4 c6 6. d4 {A00: Irregular Openings} Nf6 {LiveBook: 3 Games} 7. Qd3 Qb6 $146 ({Predecessor:} 7... Qd5 8. Nf3 Nbd7 9. Be2 e6 10. Bf4 Bd6 11. Bxd6 Qxd6 12. O-O O-O 13. Rfe1 Rad8 14. Rad1 Qc7 15. Bf1 Rfe8 16. c3 h6 {½-½ (16) Riediger,M (2297)-Goetz,A (2175) Bad Koenigshofen 2000}) 8. Nf3 {White has an edge.} Nbd7 9. Qb3 (9. g3 {with more complications.} e6 10. Bg2 Be7 11. O-O O-O 12. a4) 9... e6 10. Qxb6 (10. g3 {keeps more tension.} Be7 11. Bg2 c5 12. c3 O-O 13. O-O) 10... axb6 11. Be2 b5 12. O-O Bd6 13. c3 Nd5 14. Bd2 Bf4 15. Rfd1 Bxd2 16. Rxd2 Ke7 17. a3 Ra7 18. Re1 h6 19. g3 Kd6 20. Ne5 Nxe5 21. dxe5+ Ke7 22. c4 bxc4 23. Bxc4 Ra5 24. Re4 Rd8 25. Red4 Rd7 26. f4 Nb6 27. Rxd7+ Nxd7 $11 {[%mdl 4096] Endgame KRB-KRN} 28. Kf2 Nb6 29. Be2 Rc5 30. h4 Rc1 31. Bd3 Nd5 32. Kf3 Re1 33. Re2 Rd1 34. Bc2 Rf1+ 35. Rf2 Rc1 36. Rd2 Nb6 37. Bd3 Na4 38. Ke3 Re1+ 39. Kf2 Ra1 40. Ke3 Rh1 41. Re2 Nb6 42. Rc2 Nd5+ 43. Kf3 Ra1 44. Rd2 Nb6 45. Ke3 Rc1 46. Ke2 Rh1 47. Kf3 Nd7 48. Rc2 g5 49. hxg5 hxg5 50. Kg2 Rd1 51. Be2 Rd4 52. Kf3 gxf4 53. gxf4 Nb6 54. Ke3 Rd8 55. Bf3 Rh8 56. b3 Rh3 {White should prevent ...Nd5+.} 57. Rf2 Nd5+ 58. Ke4 Rh4 59. Bg2 ({Better is} 59. Be2 $15) 59... Rh2 (59... f6 $17 {And now ...f5+ would win.} 60. exf6+ Kxf6) 60. Kf3 Rh8 61. a4 Ra8 62. Ke4 Rh8 63. Kd4 Rd8 {[#] Threatens to win with ...Nxf4+.} (63... Rh2 {is more complex.} 64. Ke4 f5+ 65. exf6+ Kxf6 66. a5 Nb4) 64. Kc5 Rd7 65. Bxd5 exd5 {KR-KR} (65... Rxd5+ $11 66. Kb6 Rd4) 66. f5 $16 d4 {and if ...Rd5+ works, Black does fine.} 67. Kb6 d3 68. Rd2 Rd4 69. Kxb7 Rb4+ $2 {[%mdl 8192]} (69... Kd7 $16) 70. Kxc6 $18 Rxb3 71. Kc5 Rb1 72. Rxd3 Rf1 73. f6+ Ke6 74. Re3 Rc1+ 75. Kb4 Kd5 76. a5 Rb1+ 77. Ka4 {Black must now prevent e6!} Kc4 {[#] intending ...Ra1+.} 78. Re4+ $1 Kd5 79. Re2 Kc4 80. Rc2+ Kd5 81. Rc7 Kxe5 82. Rxf7 {White mates.} Ke6 83. Rf8 Rb2 84. a6 Rb1 85. Ka5 Ra1+ 86. Kb6 Rb1+ 87. Ka7 Ra1 88. Kb7 Rb1+ 89. Ka8 Ra1 90. a7 Rb1 91. Rb8 Ra1 92. Rb6+ {Precision: White = 53%, Black = 45%.} 1-0

[Event "Dvorkovich Memorial Rapid 2018"]
[Site "Taganrog"]
[Date "2018.01.14"]
[Round "11"]
[White "Tunik, Gennady"]
[Black "Golubov, Saveliy"]
[Result "1/2-1/2"]
[WhiteElo "2378"]
[BlackElo "2484"]
[Annotator "TA"]
[PlyCount "120"]
[EventDate "2018.??.??"]
[EventType "swiss"]
[EventCountry "RUS"]
[SourceTitle "playchess.com"]
[Source "ChessBase"]
[SourceQuality "1"]

{[%evp 22,120,19,-23,5,12,10,6,10,12,33,-36,-8,-33,-14,-8,-11,-3,-16,-46,-35,-72,-69,-96,-29,-41,-33,-114,0,0,0,-50,0,0,28,32,22,22,27,27,49,42,37,24,22,27,27,23,29,39,37,0,39,0,15,8,10,0,4,4,19,0,0,0,7,0,0,0,131,17,12,12,12,10,6,7,8,0,0,0,5,0,36,0,14,0,50,0,37,27,42,0,145,150,150,145,149,143,157,145,184]} 1. d4 Nf6 2. c4 e6 3. Nf3 c5 4. g3 b6 5. Bg2 Bb7 6. O-O cxd4 7. Qxd4 Be7 8. Nc3 O-O 9. Bg5 h6 {A30: Symmetrical English: Double Fianchetto and Hedgehog} 10. Bxf6 Bxf6 11. Qd3 Na6 12. Rad1 {LiveBook: 3 Games} (12. Rfd1 Nc5 13. Qe3 a5 14. Rac1 Rc8 15. b3 Qe7 16. h4 Rfd8 17. Ne5 Bxg2 18. Kxg2 {½-½ (118) Cheparinov,I (2710)-Socko,B (2593) Riadh 2017}) 12... Nc5 13. Qe3 Rc8 $146 ({Find the theoretical novelty and annotate with similar games:} 13... Bxc3 14. Qxc3 {½-½ (30) Jakobsen,O (2350)-El Kher,H (2290) Copenhagen 1998}) 14. b3 d5 15. cxd5 exd5 {[#]} (15... Bxc3 $5 16. Qxc3 Ne4 $11) 16. Nd4 (16. Nxd5 $1 $14 {[%mdl 512]} Re8 (16... Bxd5 17. Ne5) 17. Nxf6+ Qxf6 18. Qd4) 16... Re8 17. Qd2 Ne6 18. Nxe6 fxe6 19. Rc1 Ba6 20. Rfe1 Bg5 21. f4 Be7 22. Na4 {[%cal Bc3a4,Ba4b2,Bb2d3,Bd3f2][%mdl 32]} Ba3 ({Black should play} 22... Qd6 $17 23. Red1 Rxc1 24. Rxc1 Qb4 25. Qxb4 Bxb4) 23. Rxc8 $11 Qxc8 24. Bf3 {[#]} (24. Rd1 $15) 24... Rd8 ({Black should try} 24... Re7 $1 $17 {...Rc7 is the strong threat.} 25. Bg4 Kh8) 25. Rd1 {[%cal Be1d1,Bd1c1,Bc1c6][%mdl 32]} Qc7 26. Kg2 Kh8 27. Nb2 Be7 28. Nd3 Bf6 29. Rc1 Qd6 30. Qb4 Qb8 31. Rc6 Bc8 32. Nf2 Bd7 33. Rc2 a5 34. Qd2 e5 35. fxe5 Qxe5 36. Nd3 Qf5 37. Nf2 Bg5 38. Qd3 Qe5 39. Qc3 d4 $132 {[%mdl 2048] Black is fighting back} 40. Qc7 Qe6 41. Bg4 Qd5+ 42. Bf3 Qe6 43. Bg4 Qd5+ 44. Bf3 Qb5 (44... Qe6 $11 {keeps the balance.} 45. Qb7 Be3) 45. Bc6 ({Better is} 45. Rc4 $16) 45... Bxc6+ 46. Qxc6 Qf5 47. Qe4 Qf7 48. Qf3 Qe7 49. Qe4 Qf7 50. Qf3 Qe7 51. Qe4 Qd7 52. Qc6 (52. h4 $5 {[%cal Rh4g5]} Be3 53. Nd3 $14) 52... Qf5 53. Qe4 Qf8 54. Qf3 Qb4 55. Qb7 Qf8 56. Qxb6 Be3 (56... Qf7 $1 $11 {remains equal.} 57. Qc6 Rf8) 57. Nd3 $16 {White is clearly better.} Qe7 {White must now prevent ...Qe4+.} 58. Qg6 Rf8 59. Rc5 Qb7+ 60. Kh3 Qd7+ {Precision: White = 46%, Black = 47%.} 1/2-1/2